| 000 | 00000nam##2200000za#4500 |
| 001 | 9.601811 |
| 003 | CaOODSP |
| 005 | 20210624210243 |
| 007 | cr ||||||||||| |
| 008 | 150406|2009||||xxc|||||o f|0| 0 fre|d |
| 040 | |aCaOODSP|bfre |
| 043 | |an-cn--- |
| 086 | 1 |aYC25-0/402-6F-PDF |
| 110 | 1 |aCanada. |bParlement. |bSénat. |bComité permanent des pêches et des océans. |
| 245 | 13|aLe projet de changements à la convention de l'organisation des pêches de l'Atlantique nord-ouest (OPANO) / |h[ressource électronique]|cL'honorable Bill Rompkey, P.C., président ; l'honorable Ethel M. Cochrane, vice-présidente. |
| 246 | 3 |aRapport du Comité sénatorial permanent des pêches et des océans |
| 260 | |aOttawa - Ontario : |bSénat. |cNovembre 2009. |
| 300 | |a8p.|btableaux |
| 490 | 1 |aRapport du Comité sénatorial permanent des pêches et océans|v40e législature, 2e session, [6e rapport] |
| 590 | |a11-12-Supp|b2011-07-29 |
| 775 | 08|tProposed changes to the convention of the Northwest Atlantic Fisheries Organization (NAFO) / |w(CaOODSP)9.571180 |
| 830 | #0|aRapport du Comité sénatorial permanent des pêches et océans ;|v40e législature, 2e session, [6e rapport]|w(CaOODSP)9.502204 |
| 856 | 40|ahttp://publications.gc.ca|qPDF|s254 Ko|uhttps://publications.gc.ca/collections/collection_2011/sen/yc25-0/YC25-0-402-6-fra.pdf|y40e législature, 2e session, [6e rapport] |